00589nam a2200169 a 450000100100000000500170001000800410002702000150006804000250008308200150010824500220012326001060014530000350025149000380028650500570032483000380038100003649820200930075750.0120118s1986 it ac 000 0 spa d a9253023015 aDO-SdBNPbspacBNPHU axxxxbC29403aLa carpa común. aRoma, Italia :bOrganización de las Naciones Unidas para la Agricultura y la Alimentación,c1986. a87 p. :bils., retr. ;c18 cm.1 aColección FAO: capcitaciónv80 gParte 1tProducción masiva de huevos y prealevines 0aColección FAO: capcitaciónv8